Music Quiz

Random Music Quiz
Score 0/296 Timer 09:00
0 Plays Today
% Correct
the
100%
the
100%
the
100%
I
90%
to
90%
And
90%
I
90%
it.
90%
I
90%
And
90%
I
90%
all
90%
it.
90%
we
90%
we
90%
to
90%
it?
90%
All
90%
you
90%
We
90%
to
90%
it
90%
and
90%
you
90%
know
90%
they
90%
no
90%
they
90%
we
90%
We
90%
keep
90%
swingin'
90%
and
90%
we
90%
all
90%
go
90%
and
90%
we
90%
you
90%
know
90%
they
90%
no
90%
they
90%
we
90%
We
90%
keep
90%
and
90%
we
90%
all
90%
go
90%
and
90%
we
90%
You
90%
and
90%
I
90%
it
90%
a
90%
I
90%
know
90%
I
90%
they
90%
You
90%
know
90%
all
90%
And
90%
and
90%
No
90%
I
90%
it
90%
a
90%
to
90%
to
90%
And
90%
you
90%
know
90%
they
90%
no
90%
they
90%
we
90%
We
90%
keep
90%
and
90%
we
90%
all
90%
go
90%
and
90%
we
90%
you
90%
know
90%
they
90%
no
90%
they
90%
we
90%
We
90%
keep
90%
swingin'
90%
and
90%
we
90%
all
90%
% Correct
go
90%
and
90%
we
90%
You
90%
and
90%
I
90%
it
90%
You
90%
and
90%
I
90%
it
90%
say.
80%
So
80%
just
80%
just
80%
away.
80%
got
80%
now.
80%
Even
80%
said
80%
out.
80%
just
80%
Saying
80%
what
80%
think.
80%
got
80%
now.
80%
Even
80%
said
80%
out.
80%
just
80%
Saying
80%
what
80%
think.
80%
out
80%
what
80%
So
80%
even
80%
in.
80%
gonna
80%
not
80%
gonna
80%
away.
80%
now
80%
got
80%
now.
80%
Even
80%
said
80%
out.
80%
just
80%
Saying
80%
what
80%
think.
80%
got
80%
now.
80%
Even
80%
said
80%
out.
80%
just
80%
Saying
80%
what
80%
think.
80%
out
80%
out
80%
never
70%
that
70%
that
70%
up.
70%
Cause
70%
ain't
70%
soul
70%
when
70%
sold
70%
down.
70%
playing
70%
Cause
70%
ain't
70%
soul
70%
when
70%
sold
70%
down.
70%
playing
70%
work
70%
Come
70%
on
70%
come
70%
on.
70%
on
70%
thinking.
70%
never
70%
spend
70%
day.
70%
Thinking
70%
about
70%
Cause
70%
we're
70%
stay.
70%
We're
70%
stay.
70%
% Correct
ain't
70%
soul
70%
when
70%
sold
70%
down.
70%
playing
70%
Cause
70%
ain't
70%
soul
70%
when
70%
sold
70%
down.
70%
playing
70%
work
70%
Come
70%
on
70%
come
70%
on.
70%
work
70%
Come
70%
on
70%
come
70%
on.
70%
had
60%
fake
60%
****
60%
will
60%
look
60%
your
60%
before
60%
I'm
60%
happened
60%
yesterday.
60%
ever
60%
gone
60%
here
60%
here
60%
will
60%
will
60%
nothing
50%
could
50%
by.
50%
them
50%
take
50%
Did
50%
our
50%
way?
50%
Did
50%
learn
50%
learn
50%
walk
50%
somehow.
50%
Take
50%
face.
50%
Yeah
50%
you're
50%
my
50%
time?
50%
words
50%
you're
50%
you're
50%
change.
50%
For
50%
whatever
50%
don't
50%
let
50%
slip
50%
while
50%
but
50%
somehow.
50%
somehow.
50%
stood
40%
lose
40%
how
40%
laugh
40%
off
40%
should
40%
Stop
40%
same.
40%
Well
40%
their
40%
souls.
40%
dollar
40%
bills
40%
empty
40%
spaces.
40%
wanna
40%
we've
40%
been
40%
watched
30%
shake
30%
waste
30%
sink
30%
artists
20%
sell
20%
f***s
10%
swinin'
10%
swinin'
10%
Remove Ads.
Support Sporcle.
Get the best of Sporcle when you Go Orange. This ad-free experience offers more features, more stats, and more fun while also helping to support Sporcle. Thank you for becoming a member.

You're not logged in!

Compare scores with friends on all Sporcle quizzes.
OR
Log In

Show Comments

Extras

Created Aug 10, 2016ReportNominate
Tags:charlotte, Good Charlotte

Top Quizzes Today


Score Distribution

Your Account Isn't Verified!

In order to create a playlist on Sporcle, you need to verify the email address you used during registration. Go to your Sporcle Settings to finish the process.

Report this User

Report this user for behavior that violates our Community Guidelines.

Details: